[Event "DEM U14w 2010"]
[Site "Oberhof GER"]
[Date "2010.05.24"]
[Round "3"]
[White "Genath, Maren"]
[Black "Bürger, Jessica"]
[Result "0-1"]
[Termination "normal"]
[Board "13"]
[WhiteElo "1041"]
[BlackElo "1257"]
[PlyCount "88"]
[BlackFideId "12917974"]
[EventCountry "GER"]
[EventRounds "9"]
[EventType "swiss"]
[EventDate "2010.05.22"]

1. e4 e5 2. Nf3 Nc6 3. Bc4 Bc5 4. c3 Nf6 5. d4 exd4 6. cxd4 Bb4+ 7. Bd2 Bxd2+
8. Nbxd2 d5 9. exd5 Nxd5 10. O-O O-O 11. Qc2 Be6 12. Ne4 Bf5 13. Rfe1 Re8 14.
a3 Qd7 15. Re2 Rad8 16. Bd3 Nf4 17. Re3 Nxd4 18. Nxd4 Qxd4 19. Nf6+ Qxf6 20.
Bxf5 g6 21. Bg4 h5 22. Bf3 Rxe3 23. fxe3 Nh3+ 24. gxh3 Qxf3 25. Rf1 Qxe3+ 26.
Qf2 Qxf2+ 27. Rxf2 Rd5 28. Re2 Rg5+ 29. Kf2 Rf5+ 30. Kg3 c6 31. a4 g5 32. Re7
b5 33. a5 b4 34. Rxa7 Rb5 35. Kf3 c5 36. Ke4 c4 37. Ke3 c3 38. bxc3 b3 39. Rd7
b2 40. Rd1 b1=Q 41. Rxb1 Rxb1 42. Kd4 Rb5 43. c4 Rxa5 44. c5 Kf8 0-1

[Event "DEM U14w 2010"]
[Site "Oberhof GER"]
[Date "2010.05.25"]
[Round "4"]
[White "Gamisch, Laura"]
[Black "Osmanodja, Filiz"]
[Result "0-1"]
[Termination "normal"]
[Board "1"]
[BlackTitle "FM"]
[WhiteElo "1759"]
[BlackElo "2018"]
[PlyCount "106"]
[WhiteFideId "24615161"]
[BlackFideId "24633569"]
[EventCountry "GER"]
[EventRounds "9"]
[EventType "swiss"]
[EventDate "2010.05.22"]

1. d4 d5 2. c4 dxc4 3. Nc3 e5 4. dxe5 Qxd1+ 5. Kxd1 Be6 6. Nf3 Nc6 7. a3 O-O-O+
8. Kc2 Nge7 9. Bg5 h6 10. Bxe7 Bxe7 11. e3 g5 12. h3 Bf8 13. Be2 Bg7 14. Rad1
Bxe5 15. Nxe5 Nxe5 16. Nb5 Bd7 17. Nc3 Be6 18. Nb5 Bd5 19. f3 a6 20. Nd4 c5 21.
Nf5 Be6 22. Ng3 b5 23. Kc3 Kc7 24. Ne4 Kb6 25. h4 f5 26. Ng3 g4 27. Nh5 a5 28.
Nf4 Bf7 29. Kc2 b4 30. axb4 cxb4 31. e4 fxe4 32. fxe4 a4 33. Rhf1 c3 34. Nd5+
Bxd5 35. exd5 cxb2 36. Kxb2 Rd6 37. Rf5 Re8 38. Rf4 Ka5 39. Rd2 Red8 40. Rfd4
h5 41. g3 Nf3 42. Bxf3 gxf3 43. R4d3 f2 44. Rxf2 Rxd5 45. Rdf3 a3+ 46. Kb3 Rd3+
47. Rxd3 Rxd3+ 48. Ka2 Ka4 49. Kb1 Kb3 50. Rf1 a2+ 51. Ka1 Ka3 52. g4 b3 53. g5
b2# 0-1

[Event "DEM U14w 2010"]
[Site "Oberhof GER"]
[Date "2010.05.25"]
[Round "4"]
[White "Mehling, Katharina"]
[Black "Schmalhorst, Sophia"]
[Result "1/2-1/2"]
[Termination "normal"]
[Board "2"]
[WhiteElo "1524"]
[BlackElo "1834"]
[PlyCount "41"]
[WhiteFideId "12900362"]
[BlackFideId "24682497"]
[EventCountry "GER"]
[EventRounds "9"]
[EventType "swiss"]
[EventDate "2010.05.22"]

1. e4 e5 2. Nf3 Nc6 3. d4 exd4 4. Nxd4 Nf6 5. Nxc6 bxc6 6. e5 Ne4 7. g3 g6 8.
Bg2 Nc5 9. O-O Bg7 10. Re1 O-O 11. Bd2 Rb8 12. b3 Ne6 13. Bc3 Bb7 14. Qd2 d5
15. exd6 Bxc3 16. Nxc3 cxd6 17. Na4 d5 18. Rac1 Ba6 19. Bh3 Ng5 20. Bg2 Ne6 21.
Bh3 1/2-1/2

[Event "DEM U14w 2010"]
[Site "Oberhof GER"]
[Date "2010.05.25"]
[Round "4"]
[White "Kuckling, Hannah"]
[Black "Steimbach, Isabel"]
[Result "1-0"]
[Termination "normal"]
[Board "3"]
[WhiteElo "1602"]
[BlackElo "1543"]
[PlyCount "79"]
[WhiteFideId "24603660"]
[BlackFideId "24692174"]
[EventCountry "GER"]
[EventRounds "9"]
[EventType "swiss"]
[EventDate "2010.05.22"]

1. e4 e5 2. Nf3 d6 3. d4 exd4 4. Nxd4 Nf6 5. Nc3 Be7 6. g3 O-O 7. Bg2 Re8 8.
O-O Bf8 9. h3 c6 10. Re1 Nbd7 11. b3 d5 12. exd5 Rxe1+ 13. Qxe1 Nxd5 14. Nxd5
cxd5 15. Bb2 Nc5 16. Qe5 Qd6 17. Qxd5 Qxd5 18. Bxd5 Bxh3 19. Re1 Rd8 20. Bf3
Bc8 21. Bc3 a6 22. Kg2 Kh8 23. Ba5 Rxd4 24. Re8 Kg8 25. Rxc8 Ne6 26. Bxb7 Rd6
27. Ra8 Nc5 28. Bf3 Ne6 29. Be2 Rc6 30. Bc4 Nc5 31. Bb4 g6 32. Ra7 Rf6 33. Ra8
Kg7 34. Bc3 Ne4 35. Bxf6+ Nxf6 36. Rxa6 Bc5 37. Rc6 Ne4 38. f3 Nd6 39. Rxc5
Nxc4 40. Rxc4 1-0

[Event "DEM U14w 2010"]
[Site "Oberhof GER"]
[Date "2010.05.25"]
[Round "4"]
[White "Spiegelberg, Silvia"]
[Black "Diederichs, Luise"]
[Result "0-1"]
[Termination "normal"]
[Board "4"]
[WhiteElo "1609"]
[BlackElo "1542"]
[PlyCount "82"]
[WhiteFideId "24654450"]
[BlackFideId "24661597"]
[EventCountry "GER"]
[EventRounds "9"]
[EventType "swiss"]
[EventDate "2010.05.22"]

1. e4 e6 2. d4 d5 3. Nd2 dxe4 4. Nxe4 Nd7 5. Nf3 Ngf6 6. Nxf6+ Nxf6 7. c3 c5 8.
Ne5 a6 9. Qa4+ Nd7 10. Be3 Qc7 11. O-O-O cxd4 12. Bxd4 Rb8 13. f4 f6 14. Bb6
Qxb6 15. Nxd7 Qe3+ 16. Kb1 b5 17. Nxf6+ gxf6 18. Qa5 Qb6 19. Qxb6 Rxb6 20. Be2
Rd6 21. Bh5+ Ke7 22. Rde1 Bb7 23. Rhg1 Bh6 24. g3 Rhd8 25. Bg4 f5 26. Bxf5 Rh8
27. Re2 Kf6 28. Bh3 Rhd8 29. Kc2 Bd5 30. Rge1 Rc6 31. a3 a5 32. Rf2 a4 33. g4
Bb3+ 34. Kc1 Ke7 35. g5 Bg7 36. f5 Bxc3 37. bxc3 Rxc3+ 38. Kb1 Rxh3 39. g6 hxg6
40. fxg6 Rg8 41. Rg1 Rg7 0-1

[Event "DEM U14w 2010"]
[Site "Oberhof GER"]
[Date "2010.05.25"]
[Round "4"]
[White "Michels, Kim"]
[Black "Polert, Annika"]
[Result "0-1"]
[Termination "normal"]
[Board "5"]
[WhiteElo "1675"]
[BlackElo "1578"]
[PlyCount "98"]
[WhiteFideId "24690066"]
[BlackFideId "24692328"]
[EventCountry "GER"]
[EventRounds "9"]
[EventType "swiss"]
[EventDate "2010.05.22"]

1. e4 e5 2. Nf3 Nc6 3. Bc4 Bc5 4. c3 Nf6 5. d4 exd4 6. cxd4 Bb4+ 7. Nc3 Nxe4 8.
O-O Bxc3 9. d5 Bf6 10. Re1 Ne7 11. Rxe4 d6 12. Bg5 Bxg5 13. Nxg5 h6 14. Qe2
hxg5 15. Re1 Be6 16. dxe6 f6 17. Re3 c6 18. Rh3 Rxh3 19. gxh3 g6 20. Qf3 Qa5
21. Re3 Qf5 22. Kg2 Qxf3+ 23. Rxf3 Nf5 24. Rb3 b6 25. Rd3 Ke7 26. Kf3 b5 27.
Bb3 d5 28. Kg4 Kxe6 29. Rc3 Rc8 30. Bc2 c5 31. f4 d4 32. Rb3 Ne3+ 33. Rxe3+
dxe3 34. Kf3 gxf4 35. Bxg6 Rd8 36. Bh5 Rd2 37. Kxf4 e2 38. Bxe2 Rxe2 39. Kg3
Rxb2 40. h4 Kf7 41. h5 Kg7 42. h4 c4 43. Kg4 c3 44. Kf5 c2 45. h6+ Kxh6 46.
Kxf6 c1=Q 47. h5 Qg5+ 48. Ke6 Rf2 49. a4 Rf6+ 0-1

[Event "DEM U14w 2010"]
[Site "Oberhof GER"]
[Date "2010.05.25"]
[Round "4"]
[White "Berger, Nadja"]
[Black "Röhlich, Anna"]
[Result "1-0"]
[Termination "normal"]
[Board "7"]
[WhiteElo "1706"]
[BlackElo "1492"]
[PlyCount "55"]
[WhiteFideId "24692212"]
[EventCountry "GER"]
[EventRounds "9"]
[EventType "swiss"]
[EventDate "2010.05.22"]

1. d4 Nf6 2. c4 g6 3. Nc3 Bg7 4. e4 d6 5. f3 O-O 6. Be3 Nbd7 7. Qd2 c5 8. d5 a6
9. g4 Qa5 10. a3 Nb6 11. Qc1 Nbd7 12. Bh6 Rb8 13. h4 b5 14. Bxg7 Kxg7 15. h5
Rh8 16. Be2 b4 17. axb4 Qxb4 18. Rb1 Nb6 19. b3 Bd7 20. Bd1 e6 21. Nge2 exd5
22. exd5 Rbe8 23. Kf2 Nc8 24. Qf4 Qb8 25. h6+ Kf8 26. Qxf6 Rg8 27. Ng3 a5 28.
Bc2 1-0

[Event "DEM U14w 2010"]
[Site "Oberhof GER"]
[Date "2010.05.25"]
[Round "4"]
[White "Puffay, Jana"]
[Black "Lehmann, Patricia"]
[Result "1/2-1/2"]
[Termination "normal"]
[Board "8"]
[WhiteElo "1399"]
[BlackElo "1340"]
[PlyCount "33"]
[WhiteFideId "24692360"]
[BlackFideId "12900060"]
[EventCountry "GER"]
[EventRounds "9"]
[EventType "swiss"]
[EventDate "2010.05.22"]

1. e4 c5 2. Nc3 d6 3. f4 e6 4. Nf3 Nc6 5. Bb5 Bd7 6. O-O Nf6 7. d3 a6 8. Bxc6
Bxc6 9. Qe1 g6 10. h3 h5 11. Qg3 Rg8 12. Ng5 Be7 13. e5 Nd7 14. h4 Bxg5 15.
hxg5 d5 16. Bd2 Qb6 17. b3 1/2-1/2

[Event "DEM U14w 2010"]
[Site "Oberhof GER"]
[Date "2010.05.25"]
[Round "4"]
[White "Triantafillidis, Katherina"]
[Black "Lagunow, Elina"]
[Result "1/2-1/2"]
[Termination "normal"]
[Board "9"]
[WhiteElo "1266"]
[BlackElo "1720"]
[PlyCount "89"]
[WhiteFideId "24692409"]
[BlackFideId "4673387"]
[EventCountry "GER"]
[EventRounds "9"]
[EventType "swiss"]
[EventDate "2010.05.22"]

1. e4 c5 2. Nf3 Nc6 3. d4 cxd4 4. Nxd4 g6 5. Nc3 Bg7 6. Nxc6 bxc6 7. Bd2 d5 8.
exd5 cxd5 9. Bb5+ Bd7 10. Bxd7+ Qxd7 11. Rb1 Nf6 12. O-O O-O 13. Qf3 Rfd8 14.
Bg5 h6 15. Bxf6 Bxf6 16. Rfd1 d4 17. Ne2 Qa4 18. Qb3 Qa6 19. Ng3 Rab8 20. Qa3
Qxa3 21. bxa3 Rbc8 22. Rb7 Rxc2 23. Rxa7 Rxa2 24. Ne4 d3 25. Kf1 Bb2 26. Rxe7
Rxa3 27. g3 Ra2 28. Rc7 Ra4 29. Nc5 Rc4 30. Rb7 Rc1 31. Rxc1 Bxc1 32. Rd7 Rxd7
33. Nxd7 Kg7 34. Nc5 d2 35. Ke2 Kf6 36. Ne4+ Kf5 37. f3 g5 38. Nxd2 Bxd2 39.
Kxd2 g4 40. Ke3 h5 41. f4 f6 42. Kd3 Ke6 43. Ke4 f5+ 44. Ke3 Kd5 45. Kd3
1/2-1/2

[Event "DEM U14w 2010"]
[Site "Oberhof GER"]
[Date "2010.05.25"]
[Round "4"]
[White "Hartewig, Anja"]
[Black "Wulf, Constanze"]
[Result "1-0"]
[Termination "normal"]
[Board "10"]
[WhiteElo "1471"]
[BlackElo "1282"]
[PlyCount "113"]
[WhiteFideId "12917966"]
[BlackFideId "24692379"]
[EventCountry "GER"]
[EventRounds "9"]
[EventType "swiss"]
[EventDate "2010.05.22"]

1. d4 Nf6 2. c4 g6 3. Nc3 Bg7 4. e4 d6 5. Nf3 O-O 6. Be2 Nbd7 7. O-O e5 8. dxe5
dxe5 9. Bg5 c6 10. Qc2 Qc7 11. Rfd1 Nc5 12. Bh4 Bg4 13. h3 Bxf3 14. Bxf3 Rad8
15. Bg3 Rd7 16. Rxd7 Nfxd7 17. Rd1 Rd8 18. b4 Ne6 19. Bg4 Ndf8 20. Rxd8 Qxd8
21. Qd1 Qxd1+ 22. Nxd1 Nd4 23. Ne3 f6 24. f4 exf4 25. Bxf4 Nfe6 26. Bb8 a6 27.
Ba7 Bh6 28. Bxd4 Nxd4 29. Kf2 Bxe3+ 30. Kxe3 Nc2+ 31. Kd2 Nxb4 32. a3 Na2 33.
Kc2 a5 34. Kb2 Nb4 35. axb4 axb4 36. Kb3 c5 37. Ka4 Kf7 38. Kb5 b3 39. Bd1 b2
40. Bc2 Ke6 41. Kxc5 Ke5 42. g3 h5 43. Kb6 g5 44. Kc5 h4 45. gxh4 gxh4 46. Kb6
Kf4 47. Kxb7 Kg3 48. c5 Kxh3 49. c6 Kg2 50. c7 h3 51. c8=Q h2 52. Qg4+ Kf2 53.
Qh3 Ke2 54. Qxh2+ Ke3 55. Qh6+ Ke2 56. Qxf6 Ke3 57. Qxb2 1-0

[Event "DEM U14w 2010"]
[Site "Oberhof GER"]
[Date "2010.05.25"]
[Round "4"]
[White "Bürger, Jessica"]
[Black "Nitzsche, Pia"]
[Result "0-1"]
[Termination "normal"]
[Board "11"]
[WhiteElo "1257"]
[BlackElo "1446"]
[PlyCount "60"]
[WhiteFideId "12917974"]
[BlackFideId "12900370"]
[EventCountry "GER"]
[EventRounds "9"]
[EventType "swiss"]
[EventDate "2010.05.22"]

1. e4 c5 2. c3 g6 3. d4 cxd4 4. cxd4 d5 5. e5 Bg7 6. Nf3 Nh6 7. h3 Nc6 8. Nc3
O-O 9. Be2 a6 10. O-O b5 11. a3 Bb7 12. Ng5 Nf5 13. Be3 e6 14. Nf3 Rc8 15. Qd2
f6 16. exf6 Bxf6 17. Rad1 Na5 18. Qc2 Nc4 19. Bxc4 Rxc4 20. b3 Rc8 21. Qd2 Qb6
22. g4 Nxe3 23. Qxe3 Qd6 24. b4 Bd8 25. Rc1 Bc7 26. Qe5 Rxf3 27. Qxd6 Bxd6 28.
Ne2 Rxc1 29. Rxc1 Rxa3 30. Kg2 Rb3 0-1

[Event "DEM U14w 2010"]
[Site "Oberhof GER"]
[Date "2010.05.25"]
[Round "4"]
[White "Fischer, Maxi"]
[Black "Ehrenberg, Natalie"]
[Result "1-0"]
[Termination "normal"]
[Board "12"]
[WhiteElo "1194"]
[BlackElo "1149"]
[PlyCount "41"]
[WhiteFideId "24692395"]
[EventCountry "GER"]
[EventRounds "9"]
[EventType "swiss"]
[EventDate "2010.05.22"]

1. e4 e6 2. d4 d5 3. exd5 exd5 4. Bd3 Nf6 5. Nf3 Nbd7 6. O-O Be7 7. Re1 O-O 8.
Qe2 Re8 9. Nc3 Bb4 10. Be3 c5 11. Qd2 b6 12. a3 Ba5 13. Bg5 h6 14. Bxh6 gxh6
15. Qxh6 Re6 16. Ng5 Qf8 17. Bh7+ Kh8 18. Qh3 Rxe1+ 19. Rxe1 Ne5 20. Bf5+ Kg7
21. dxe5 1-0

[Event "DEM U14w 2010"]
[Site "Oberhof GER"]
[Date "2010.05.25"]
[Round "5"]
[White "Schmalhorst, Sophia"]
[Black "Diederichs, Luise"]
[Result "1-0"]
[Termination "normal"]
[Board "2"]
[WhiteElo "1834"]
[BlackElo "1542"]
[PlyCount "53"]
[WhiteFideId "24682497"]
[BlackFideId "24661597"]
[EventCountry "GER"]
[EventRounds "9"]
[EventType "swiss"]
[EventDate "2010.05.22"]

1. e4 e6 2. d4 d5 3. Nd2 dxe4 4. Nxe4 Nd7 5. Bd3 Ngf6 6. Qe2 Nxe4 7. Bxe4 Nf6
8. Bxb7 Rb8 9. Bxc8 Qxc8 10. Nf3 Be7 11. O-O O-O 12. c3 c5 13. dxc5 Bxc5 14. b3
Bb6 15. c4 Qc7 16. Bb2 Qe7 17. Bd4 Rfd8 18. Rfd1 Bc5 19. Bxc5 Qxc5 20. Rxd8+
Rxd8 21. Rd1 Rxd1+ 22. Qxd1 h6 23. h3 Ne4 24. Qd8+ Kh7 25. Qd4 Qxd4 26. Nxd4
Kg8 27. Nc6 1-0

[Event "DEM U14w 2010"]
[Site "Oberhof GER"]
[Date "2010.05.25"]
[Round "5"]
[White "Polert, Annika"]
[Black "Mehling, Katharina"]
[Result "1/2-1/2"]
[Termination "normal"]
[Board "3"]
[WhiteElo "1578"]
[BlackElo "1524"]
[PlyCount "52"]
[WhiteFideId "24692328"]
[BlackFideId "12900362"]
[EventCountry "GER"]
[EventRounds "9"]
[EventType "swiss"]
[EventDate "2010.05.22"]

1. c4 Nf6 2. g3 g6 3. Bg2 Bg7 4. d3 O-O 5. Nc3 d6 6. e4 e5 7. Nge2 Nc6 8. O-O
Ne8 9. f4 f5 10. h3 Be6 11. Be3 Qc8 12. exf5 Bxf5 13. Kh2 exf4 14. Bxf4 Ne5 15.
d4 Nd3 16. Nd5 Qd7 17. Qd2 Nxf4 18. Nexf4 c6 19. Ne3 Nc7 20. Nxf5 Rxf5 21. Rad1
Raf8 22. d5 c5 23. Ne6 Rxf1 24. Bxf1 Nxe6 25. dxe6 Qe7 26. Bg2 b6 1/2-1/2

[Event "DEM U14w 2010"]
[Site "Oberhof GER"]
[Date "2010.05.25"]
[Round "5"]
[White "Winterholler, Christina"]
[Black "Gamisch, Laura"]
[Result "0-1"]
[Termination "normal"]
[Board "4"]
[WhiteElo "1702"]
[BlackElo "1759"]
[PlyCount "74"]
[WhiteFideId "24652105"]
[BlackFideId "24615161"]
[EventCountry "GER"]
[EventRounds "9"]
[EventType "swiss"]
[EventDate "2010.05.22"]

1. e4 c5 2. Nf3 e6 3. c3 Nf6 4. Qc2 Qc7 5. d3 Nc6 6. d4 d5 7. exd5 Nxd5 8. Bc4
Nb6 9. Bd3 cxd4 10. cxd4 Nd5 11. a3 Qd6 12. Nc3 Nxc3 13. bxc3 h6 14. O-O Bd7
15. a4 Be7 16. Ba3 Qc7 17. Bxe7 Nxe7 18. Ne5 Rc8 19. Nxd7 Qxd7 20. Bb5 Nc6 21.
Qe4 O-O 22. Bd3 g6 23. Qe3 Kg7 24. Rab1 Rc7 25. f4 Rfc8 26. Bb5 a6 27. Bxc6
Qxc6 28. Rbc1 Qxa4 29. Rf3 Qa5 30. g4 Qd5 31. Rh3 g5 32. Rh5 f6 33. Qh3 Qxd4+
34. cxd4 Rxc1+ 35. Kf2 R8c2+ 36. Ke3 Rc3+ 37. Ke4 Re1+ 0-1

[Event "DEM U14w 2010"]
[Site "Oberhof GER"]
[Date "2010.05.25"]
[Round "5"]
[White "Spiegelberg, Silvia"]
[Black "Berger, Nadja"]
[Result "1/2-1/2"]
[Termination "normal"]
[Board "5"]
[WhiteElo "1609"]
[BlackElo "1706"]
[PlyCount "99"]
[WhiteFideId "24654450"]
[BlackFideId "24692212"]
[EventCountry "GER"]
[EventRounds "9"]
[EventType "swiss"]
[EventDate "2010.05.22"]

1. e4 c5 2. Nf3 e6 3. d4 cxd4 4. Nxd4 Nf6 5. f3 d6 6. Be3 a6 7. c4 Qc7 8. Nc3
Be7 9. Be2 Nbd7 10. O-O Nc5 11. Rc1 O-O 12. Qc2 Rd8 13. Rfd1 Ncd7 14. Na4 Nc5
15. Nc3 Ncd7 16. Nb3 Nb6 17. Qd3 Bd7 18. Qd4 Na4 19. Nxa4 Bxa4 20. c5 Bxb3 21.
cxd6 Qxd6 22. axb3 Qxd4 23. Bxd4 h6 24. Rc7 Bf8 25. Rxb7 Rxd4 26. Rxd4 Bc5 27.
Rbb4 e5 28. Kf1 Bxd4 29. Ra4 Bxb2 30. Bxa6 Nd7 31. b4 Bd4 32. Ke2 Kf8 33. Kd3
Ke7 34. f4 f6 35. g3 Bg1 36. Ra2 Bxh2 37. Rxh2 Rxa6 38. Kc4 Rb6 39. Ra2 Kd6 40.
Ra4 Kc7 41. f5 Rb7 42. Ra2 Kc6 43. Ra1 Rb8 44. Ra7 Rb7 45. b5+ Kc7 46. Ra5 Rb8
47. Ra7+ Rb7 48. Ra5 Rb6 49. Ra7+ Rb7 50. Ra5 1/2-1/2

[Event "DEM U14w 2010"]
[Site "Oberhof GER"]
[Date "2010.05.25"]
[Round "5"]
[White "Steimbach, Isabel"]
[Black "Michels, Kim"]
[Result "1-0"]
[Termination "normal"]
[Board "6"]
[WhiteElo "1543"]
[BlackElo "1675"]
[PlyCount "67"]
[WhiteFideId "24692174"]
[BlackFideId "24690066"]
[EventCountry "GER"]
[EventRounds "9"]
[EventType "swiss"]
[EventDate "2010.05.22"]

1. e4 c5 2. c3 Nf6 3. e5 Nd5 4. Nf3 Nc6 5. Bc4 Nb6 6. Bb3 g6 7. O-O Bg7 8. d4
cxd4 9. cxd4 O-O 10. Re1 d5 11. Nc3 Bg4 12. Be3 Qd7 13. h3 Bxf3 14. Qxf3 Rad8
15. Qe2 Qc8 16. Rac1 Qa8 17. Red1 a5 18. Qb5 Qa6 19. Qxa6 bxa6 20. Nxd5 Nxd5
21. Bxd5 Nxd4 22. Rxd4 Bxe5 23. Rd2 Rb8 24. b3 Rfc8 25. Rdc2 Rd8 26. Bc4 Rd6
27. Bc5 Rd7 28. Bxa6 Rbd8 29. g3 Rc7 30. Be3 Rcd7 31. Rc8 Rxc8 32. Bxc8 Rd3 33.
Ba6 Rd6 34. Bh6 1-0

[Event "DEM U14w 2010"]
[Site "Oberhof GER"]
[Date "2010.05.25"]
[Round "5"]
[White "Lehmann, Patricia"]
[Black "Hartewig, Anja"]
[Result "1-0"]
[Termination "normal"]
[Board "7"]
[WhiteElo "1340"]
[BlackElo "1471"]
[PlyCount "55"]
[WhiteFideId "12900060"]
[BlackFideId "12917966"]
[EventCountry "GER"]
[EventRounds "9"]
[EventType "swiss"]
[EventDate "2010.05.22"]

1. d4 d5 2. c4 c6 3. Nc3 Nf6 4. Nf3 e6 5. e3 Bb4 6. Bd2 O-O 7. cxd5 exd5 8. Bd3
Bg4 9. h3 Bh5 10. O-O Nbd7 11. Be2 Re8 12. a3 Bd6 13. b4 b5 14. a4 bxa4 15.
Nxa4 Ne4 16. Nc5 Nxd2 17. Qxd2 Qc7 18. Rfb1 Bg6 19. Bd3 Bxd3 20. Qxd3 a5 21.
Nxd7 Qxd7 22. bxa5 Ra7 23. a6 Rea8 24. Ra2 Be7 25. Rc1 Qc7 26. Rca1 Bf6 27. Rb1
Rxa6 28. Rxa6 1-0

[Event "DEM U14w 2010"]
[Site "Oberhof GER"]
[Date "2010.05.25"]
[Round "5"]
[White "Nitzsche, Pia"]
[Black "Fischer, Maxi"]
[Result "1-0"]
[Termination "normal"]
[Board "8"]
[WhiteElo "1446"]
[BlackElo "1194"]
[PlyCount "41"]
[WhiteFideId "12900370"]
[BlackFideId "24692395"]
[EventCountry "GER"]
[EventRounds "9"]
[EventType "swiss"]
[EventDate "2010.05.22"]

1. e4 e5 2. Nf3 Nc6 3. Bc4 Bc5 4. b4 Bxb4 5. c3 Bc5 6. d4 exd4 7. cxd4 Bb6 8.
O-O Nf6 9. e5 Ng4 10. h3 Nh6 11. Bxh6 gxh6 12. Nc3 Ne7 13. Qd3 d5 14. exd6 Qxd6
15. Ne4 Qg6 16. Nh4 Qg7 17. Rad1 Rg8 18. Qf3 Bf5 19. Rfe1 Kf8 20. Ng3 Bc8 21.
Nh5 1-0

[Event "DEM U14w 2010"]
[Site "Oberhof GER"]
[Date "2010.05.25"]
[Round "5"]
[White "Lagunow, Elina"]
[Black "Puffay, Jana"]
[Result "1-0"]
[Termination "normal"]
[Board "9"]
[WhiteElo "1720"]
[BlackElo "1399"]
[PlyCount "85"]
[WhiteFideId "4673387"]
[BlackFideId "24692360"]
[EventCountry "GER"]
[EventRounds "9"]
[EventType "swiss"]
[EventDate "2010.05.22"]

1. e4 c5 2. c3 Qa5 3. Nf3 Nc6 4. Be2 d6 5. O-O Nf6 6. Qc2 Bd7 7. d4 cxd4 8.
cxd4 Nb4 9. Qb3 Ba4 10. Qc3 Nxe4 11. Qe1 b6 12. Na3 Nc2 13. Bb5+ Bxb5 14. Qxe4
Rc8 15. Nxc2 Bxf1 16. Kxf1 Qb5+ 17. Kg1 d5 18. Qe5 f6 19. Na3 fxe5 20. Nxb5 a6
21. Nc3 e6 22. Nxe5 Bd6 23. Bf4 O-O 24. Bg3 Bxe5 25. Bxe5 Rc4 26. Re1 Re8 27.
h3 Kf7 28. Re3 g6 29. Rf3+ Kg8 30. h4 b5 31. Rg3 Kf7 32. h5 Rc6 33. Kh2 Rf8 34.
f3 Rg8 35. Rg5 b4 36. hxg6+ hxg6 37. Na4 Rc2 38. Kg3 Ke8 39. Rg4 a5 40. Kf4 g5+
41. Ke3 Kf7 42. Kd3 Rg6 43. Kxc2 1-0

[Event "DEM U14w 2010"]
[Site "Oberhof GER"]
[Date "2010.05.25"]
[Round "5"]
[White "Röhlich, Anna"]
[Black "Triantafillidis, Katherina"]
[Result "1-0"]
[Termination "normal"]
[Board "10"]
[WhiteElo "1492"]
[BlackElo "1266"]
[PlyCount "95"]
[BlackFideId "24692409"]
[EventCountry "GER"]
[EventRounds "9"]
[EventType "swiss"]
[EventDate "2010.05.22"]

1. e4 e5 2. Nf3 Nc6 3. Bc4 Nf6 4. Ng5 d5 5. exd5 Nxd5 6. d4 f6 7. dxe5 fxg5 8.
Qxd5 Qxd5 9. Bxd5 Nxe5 10. Bxg5 c6 11. Bb3 h6 12. Bf4 Ng6 13. Bg3 Bf5 14. O-O
O-O-O 15. Nc3 b6 16. Rad1 Bb4 17. Rxd8+ Rxd8 18. Rd1 Re8 19. Kf1 Be6 20. Re1
Kd7 21. Rxe6 Rxe6 22. Bxe6+ Kxe6 23. Ke2 Bxc3 24. bxc3 a6 25. Ke3 Ne7 26. Ke4
Nd5 27. Be5 g6 28. g4 Ne7 29. f4 b5 30. Bg7 Ng8 31. f5+ gxf5+ 32. gxf5+ Kf7 33.
Ke5 Ke7 34. Kd4 Nf6 35. Bxf6+ Kxf6 36. Kc5 Kxf5 37. Kxc6 Kg4 38. Kb6 Kh3 39.
Kxa6 Kxh2 40. Kxb5 Kg2 41. a4 h5 42. a5 h4 43. a6 h3 44. a7 h2 45. a8=Q+ Kg1
46. c4 h1=Q 47. Qxh1+ Kxh1 48. c5 1-0

[Event "DEM U14w 2010"]
[Site "Oberhof GER"]
[Date "2010.05.25"]
[Round "5"]
[White "Hölzer, Jeanette"]
[Black "Schreiber, Justina"]
[Result "1/2-1/2"]
[Termination "normal"]
[Board "11"]
[WhiteElo "1210"]
[BlackElo "1443"]
[PlyCount "41"]
[WhiteFideId "12917982"]
[BlackFideId "24661570"]
[EventCountry "GER"]
[EventRounds "9"]
[EventType "swiss"]
[EventDate "2010.05.22"]

1. e4 e5 2. Nf3 Nc6 3. Bc4 Bc5 4. c3 Nf6 5. d4 exd4 6. e5 d5 7. Bb5 Ne4 8. cxd4
Bb4+ 9. Bd2 Nxd2 10. Nbxd2 Bg4 11. Qa4 Bxd2+ 12. Nxd2 Bd7 13. Bxc6 Bxc6 14. Qa3
Qe7 15. Qxe7+ Kxe7 16. Rc1 Rac8 17. Rc5 Rhe8 18. O-O f6 19. f4 fxe5 20. fxe5
Rf8 21. Rxf8 1/2-1/2

[Event "DEM U14w 2010"]
[Site "Oberhof GER"]
[Date "2010.05.25"]
[Round "5"]
[White "Wulf, Constanze"]
[Black "Bürger, Jessica"]
[Result "1-0"]
[Termination "normal"]
[Board "12"]
[WhiteElo "1282"]
[BlackElo "1257"]
[PlyCount "49"]
[WhiteFideId "24692379"]
[BlackFideId "12917974"]
[EventCountry "GER"]
[EventRounds "9"]
[EventType "swiss"]
[EventDate "2010.05.22"]

1. d4 d5 2. Bf4 Nf6 3. e3 e6 4. Nf3 c5 5. c3 Nc6 6. Nbd2 Bd6 7. Ne5 Bxe5 8.
Bxe5 Nxe5 9. dxe5 Nd7 10. Qg4 Rg8 11. f4 Qb6 12. Rb1 d4 13. Nc4 Qc6 14. Nd6+
Kf8 15. cxd4 cxd4 16. exd4 Qc2 17. Qd1 Qg6 18. Rc1 Ke7 19. Qd2 Nb6 20. Bd3 Qh5
21. Be4 Nd5 22. O-O h6 23. Bxd5 exd5 24. Rc7+ Bd7 25. Rfc1 1-0

[Event "DEM U14w 2010"]
[Site "Oberhof GER"]
[Date "2010.05.25"]
[Round "5"]
[White "Ehrenberg, Natalie"]
[Black "Genath, Maren"]
[Result "1-0"]
[Termination "normal"]
[Board "13"]
[WhiteElo "1149"]
[BlackElo "1041"]
[PlyCount "101"]
[EventCountry "GER"]
[EventRounds "9"]
[EventType "swiss"]
[EventDate "2010.05.22"]

1. e4 c6 2. d4 d5 3. Nd2 dxe4 4. Nxe4 Bf5 5. Ng3 Bg6 6. h4 h5 7. Nf3 Nf6 8. Bd3
Bxd3 9. Qxd3 Nbd7 10. Bf4 e6 11. O-O-O Nd5 12. Be3 Be7 13. c4 Nb4 14. Qb3 Qa5
15. a3 Na6 16. Qxb7 Rb8 17. Qxc6 Bxa3 18. Rd2 Qc3+ 19. Kd1 Bxb2 20. Qxa6 O-O
21. Ke2 Bc1 22. Ra2 Bxe3 23. fxe3 Rb6 24. Qa3 Rb3 25. Qc1 Qd3+ 26. Kf2 Rfb8 27.
Rd1 Rc3 28. Rxd3 Rxc1 29. Rxa7 Nf6 30. c5 Ng4+ 31. Ke2 f5 32. Nxh5 g6 33. Nf4
Rb2+ 34. Rd2 Rxd2+ 35. Kxd2 Rb1 36. Ra8+ Kf7 37. c6 Rb2+ 38. Kc3 Rb6 39. Rc8
Nxe3 40. c7 Rc6+ 41. Kb4 Ke7 42. Ne5 Rc1 43. Nfxg6+ Kd6 44. h5 Rb1+ 45. Ka3
Nxg2 46. h6 Rh1 47. Nf7+ Kd7 48. Rh8 Kxc7 49. h7 f4 50. Ng5 Kd7 51. Rf8 1-0